00801nam a22002417a 4500952014100000999001700141001000600158003001000164005001700174008004100191020001800232040004700250041000800297082002000305100002300325245008300348264004400431300001500475336002200490337001900512338002100531942000700552 001040708GENaFUSBCbFUSBCd2006-08-24l1oG 222.15 W7462o p16287r2019-12-12 00:00:00s2019-10-29t1w2016-01-26yBKB0C3IINV2023 c42925d4292514002CO-MdFUSB20170822093638.0170822t1995 xxu||||| |||| 00| 0 eng d a0-7885-0160-7 aCO-MdFUSBbspacCO-MdFUSBdCO-MdFUSBCerda0 aeng04aG 222.15 W7462o1 aWilson, Ianeautor10aOut of the midst of the fireb : Divine presence in Deuteronomy c/ Ian Wilson 4aAtlanta, Georgia : bScholars,c©1995 a257 Pág. 2rdacontenta1ba1 2rdamediaa2b5 2rdacarriera2b5 cBK